00526nam a2200193 a 4500001001300000003000900013005001700022008004100039020001000080082001700090100002100107245006800128260003200196300000800228500003500236505001500271650002500286700002100311nice12345678IN_TiNIC20260116012344.0050524s1984 dela grp 000 0 eng  ac10000a201.65bKHA2 aKhan, Ehsanullah aPromotion of Scientific Temperb Study of Science and Religion. aDelhibBait Al Hikmatc1984 a74p aincludes index and biblioraphy2 aReferences aReligion and Science1 aKhan, Ehsanullah